000 00986nam a22001697a 4500
999 _c59476
_d59476
003 Ge_BSU
005 20230227145517.0
008 230227s2001 ge ||||| |||| 00| 0 geo d
041 _ageo
080 _a342(479.22)(094.4) ს-32
245 _aსაქართველოს ადმინისტრაციულ სამართალდარღვევათა კოდექსი :
_cგამოცემულია 2001 წლის 1დეკებრის მდგომარეობით N 1106-1ს ცვლილებების გათვალისწინებით.
264 _a[თბილისი]:
_bლ.დ.,
_c[2001].
300 _a215 გვ. ;
_b20 სმ.
501 _aანბ.-საგნ. საძიებელი: გვ. 193-212.
653 _aსაქართველოს ადმინისტრაციულ სამართალდარღვევათა კოდექსი.
942 _2udc
_cBK